Top 20 Meisten CL Tore - Statistiken

Allgemein
  • Dieses Quiz wurde 65 mal gespielt
  • Das Durchschnittsergebnis liegt bei 10 aus 20
Antwortstatistiken
Rang Antwort Goals % Korrekt
1 Cristiano Ronaldo 140
100%
2 Lionel Messi 129
100%
3 Robert Lewandowski 109
92%
6 Kylian Mbappé 70
88%
7 Erling Haaland 57
79%
4 Karim Benzema 90
79%
8 Thomas Müller 57
75%
10 Harry Kane 52
63%
20 Neymar 43
62%
5 Raúl 71
56%
11 Thierry Henry 50
48%
18 Didier Drogba 44
33%
12 Mohamed Salah 50
31%
17 Filippo Inzaghi 46
25%
19 Antoine Griezmann 44
23%
13 Alfredo Di Stéfano 49
19%
14 Andriy Shevchenko 48
15%
9 Ruud van Nistelrooy 56
10%
16 Eusébio 46
8%
15 Zlatan Ibrahimović 48
4%
Keine übereinstimmenden Quizze gefunden
Verteilung der Resultate
Anzahl Personen mit jedem Resultat
Perzentil nach korrekt beantworteten Fragen
Ihre Resultats-Entwicklung
Sie haben dieses Quiz noch nicht gespielt